Tackling unlawful subletting and occupancy (Record no. 110294)

MARC details
000 -LEADER
fixed length control field 01141cad a22002295 4500
001 - CONTROL NUMBER
control field L148946
008 - FIXED-LENGTH DATA ELEMENTS--GENERAL INFORMATION
fixed length control field 091202e20091130xxk f 000 0 eng u
020 ## - INTERNATIONAL STANDARD BOOK NUMBER
International Standard Book Number 9781409819950
035 ## - SYSTEM CONTROL NUMBER
System control number (Sirsi) u148946
041 0# - LANGUAGE CODE
Language code of text/sound track or separate title eng
050 ## - LIBRARY OF CONGRESS CALL NUMBER
Classification number 306.1 $2 18
110 1# - MAIN ENTRY--CORPORATE NAME
Corporate name or jurisdiction name as entry element United Kingdom
Subordinate unit Department for Communities and Local Government
9 (RLIN) 4939
245 00 - TITLE STATEMENT
Title Tackling unlawful subletting and occupancy
Remainder of title good practice guidance for social landlords
Medium [electronic resource]
260 ## - PUBLICATION, DISTRIBUTION, ETC.
Place of publication, distribution, etc. London
Name of publisher, distributor, etc. DCLG
Date of publication, distribution, etc. 2009
505 2# - FORMATTED CONTENTS NOTE
Formatted contents note Introduction -- The building blocks -- The right to take in lodger and sublet -- Taking action -- Legal procedures
520 ## - SUMMARY, ETC.
Summary, etc. Provides guidance for social landlords on how to prevent, detect and deal effectively with social housing fraud. Highlights possible measures against unlawful sub-letting and the role of the public.
590 ## - LOCAL NOTE (RLIN)
Local note KA
651 #4 - SUBJECT ADDED ENTRY--GEOGRAPHIC NAME
Geographic name England
Chronological subdivision 886-
690 ## - LOCAL SUBJECT ADDED ENTRY--TOPICAL TERM (OCLC, RLIN)
Topical term or geographic name as entry element PROPERTY-RESIDENTIAL PROPERTY-DOMESTIC RESIDENTIAL PROPERTY-HOUSING
856 40 - ELECTRONIC LOCATION AND ACCESS
Uniform Resource Identifier <a href="https://www.communities.gov.uk/publications/housing/housingfraudguidance">https://www.communities.gov.uk/publications/housing/housingfraudguidance</a>
Public note View the consultation free of charge at www.communities.gov.uk...
942 ## - ADDED ENTRY ELEMENTS (KOHA)
Suppress in OPAC 0
Holdings
Withdrawn status Lost status Source of classification or shelving scheme Damaged status Not for loan Home library Current library Shelving location Date acquired Total Checkouts Full call number Barcode Date last seen Copy number Price effective from Koha item type
    Dewey Decimal Classification     Virtual Virtual Online 02/12/2009   ONLINE PUBLICATION 148946-2001 06/08/2019 1 06/08/2019 Book